| 000 | 00448cam a2200169ua 4500 | ||
|---|---|---|---|
| 041 |
_aeng _h |
||
| 082 |
_a370.194 _bCAM/Dy |
||
| 100 | _aCampell, Roald F . | ||
| 245 | 0 | 0 |
_aDynamics of school -Community relationships / _cCampbell. _hTextual Documents |
| 260 |
_a : _bAllan and bacon boston , _c1958. |
||
| 300 | _a205 ; . | ||
| 504 | _a | ||
| 700 | 1 | _aCamobell, Roald . | |
| 700 | 1 | _aCampell, Roald . | |
| 942 | _cBK | ||
| 999 |
_c11769 _d11769 |
||